[Event "NATO-ch 18th"]
[Site "Ankara"]
[Date "2007.09.03"]
[Round "3"]
[White "Cuadrado Lopez, Francisco Javier"]
[Black "Alaslar, Devrim"]
[Result "0-1"]
[WhiteElo "1937"]
[BlackElo "2143"]
[PlyCount "102"]
[EventDate "2007.09.01"]
[EventType "swiss"]
[EventRounds "7"]
[EventCountry "TUR"]
[SourceTitle "EXT 2008"]
[Source "ChessBase"]
[SourceDate "2007.11.25"]
[SourceVersion "1"]
[SourceVersionDate "2007.11.25"]
[SourceQuality "1"]
[WhiteTeam "Spain"]
[BlackTeam "Turkey"]
[WhiteTeamCountry "ESP"]
[BlackTeamCountry "TUR"]

1. e4 c5 2. Nf3 Nc6 3. d4 cxd4 4. Nxd4 g6 5. Be3 Nf6 6. f3 Bg7 7. Nc3 0-0 8. Qd2 d5 9. Nxc6 bxc6 10. e5 Nd7 11. f4 e6 12. Na4 Nxe5 13. 0-0-0 Nd7 14. h4 e5 15. fxe5 Nxe5 16. b3 Bf5 17. Be2 Re8 18. Rhe1 Ng4 19. Bxg4 Bxg4 20. Rf1 Qd6 21. Bd4 Re2 22. Qc3 Bxd4 23. Qxd4 Bf5 24. Rxf5 gxf5 25. h5 Qe5 26. Qxe5 Rxe5 27. Nc5 Re2 28. Rg1 Rae8 29. Kd1 Kg7 30. Nd3 Kh6 31. a4 R2e4 32. g3 Rg8 33. Nf2 Kxh5 34. Nxe4 fxe4 35. Rh1+ Kg6 36. g4 Re8 37. g5 Kxg5 38. Rxh7 Kg6 39. Rh3 f5 40. Rc3 Rc8 41. Rg3+ Kf6 42. Kd2 d4 43. Rh3 Rc7 44. Rh8 c5 45. Rd8 Ke5 46. c3 dxc3+ 47. Kxc3 Kf4 48. Kd2 c4 49. bxc4 Rxc4 50. a5 Rc5 51. a6 Rc6 0-1

[Event "NATO-ch 18th"]
[Site "Ankara"]
[Date "2007.09.01"]
[Round "1"]
[White "Cuadrado Lopez, Francisco Javier"]
[Black "Skindzier, Saturnin"]
[Result "0-1"]
[WhiteElo "1937"]
[BlackElo "2203"]
[PlyCount "54"]
[EventDate "2007.09.01"]
[EventType "swiss"]
[EventRounds "7"]
[EventCountry "TUR"]
[SourceTitle "EXT 2008"]
[Source "ChessBase"]
[SourceDate "2007.11.25"]
[SourceVersion "1"]
[SourceVersionDate "2007.11.25"]
[SourceQuality "1"]
[WhiteTeam "Spain"]
[BlackTeam "Poland"]
[WhiteTeamCountry "ESP"]
[BlackTeamCountry "POL"]

1. e4 c5 2. Nf3 Nc6 3. d3 g6 4. g3 Bg7 5. Bg2 e6 6. 0-0 Nge7 7. c3 d5 8. Nbd2 0-0 9. Qe2 b6 10. Rb1 a5 11. c4 a4 12. Rd1 Ba6 13. Nf1 Ra7 14. b3 axb3 15. axb3 Bb7 16. Be3 Qa8 17. Qd2 Ra2 18. Qc1 dxe4 19. dxe4 Nb4 20. Bh6 Bxe4 21. Bxg7 Kxg7 22. Qc3+ Kg8 23. Rbc1 Nf5 24. Ne3 Nxe3 25. Qxe3 Nc2 26. Qc3 Nd4 27. Rd2 Rxd2 0-1